The PHILIPPINES recommends for coconut timber utilization

Bibliographic Details
Format: Book
Published: Los Banos, Laguna, Philippines : Philippine Council for Agriculture and Resources Research and Development , 1985
Series:PCARRD technical bulletin series ; no. 60
Subjects:

MARC

LEADER 00000cam a2200000 7i4500
001 0000002433
005 20030619.0
090 0 0 |a 641.2461   |b PHI 1985 
245 0 4 |a The PHILIPPINES recommends for coconut timber utilization 
260 0 0 |a Los Banos, Laguna, Philippines :   |b Philippine Council for Agriculture and Resources Research and Development ,   |c 1985 
300 |a xii, 93 p. :   |b ill. ;   |c 23 cm. 
440 0 0 |a PCARRD technical bulletin series ; no. 60 
500 0 0 |a Bibliography : p. 88-93 
650 0 0 |a Coconut palm   |z Philippines 
650 0 0 |a Forest products industry   |z Philippines 
998 |a JPSM 
999 |a 0000004085   |b Monograph   |c Open Shelf   |e Default branch